Noem de partijleiders van de PVDA - Sudden Death - Statistieken

Algemene statistieken
  • Deze quiz is 6 keer genomen
  • De gemiddelde score is 8 van 12
Answers on the Grid
Answers color-coded by a green-red scale on the quiz's grid according to % correct below.
Burger
Poelman
den Uyl
Bos
Dolman
Kok
Melkert
Cohen
Vondeling
Drees
Rutte
Samsom
Asscher
Ploumen
Kuiken
Wilthagen
 
Antwoordstatistieken
Antwoord % Correct
Asscher
83%
Bos
83%
Cohen
83%
den Uyl
83%
Drees
83%
Kok
83%
Samsom
83%
Melkert
67%
Kuiken
50%
Vondeling
50%
Ploumen
33%
Burger
17%
Geen overeenkomende quizzen gevonden
Scoreverdeling
Procent van Mensen met Elke Score
Percentiel versus Aantal Correcte Antwoorden
Uw Scoregeschiedenis
U heeft deze quiz nog niet genomen